000 00266nam a2200109Ia 4500
008 200302s9999 xx 000 0 und d
100 _aYogendra Singh
245 _aModernization of India Tradition
260 _bRawat Publications
260 _c1999
300 _a267 P.,
999 _c5480
_d5480